000 02145nam a2200253Ia 4500
999 _c55439
_d55439
001 22521
003 GE_BSU
005 20210329173342.0
008 181216s2016||||ge |||||||||||||| ||geo||
040 _cGE_BSU
041 _ageo
080 _a57 ჯ-27
100 _aჯაყელი, ჯულიეტა
_910820
245 _aბათუმის ბოტანიკურ ბაღში მსოფლიო ფლორის IUCN "წითელი ნუსხით" დაცული სახეობების ბიოეკოლოგიური თავისებურებები და ex-siti კონსერვაცია /
_cჯულიეტა ჯაყელი; სამეცნ. ხელმძღვანელი მ. მეტრეველი; ბათუმის შოთა რუსთაველის სახ-ფო უნ-ტი. საბუნებისმეტყველო მეცნიერებათა და ჯანდაცვის ფაკ-ტი. ბიოლოგიის დეპ-ტი.
264 _aბათუმი,
_c2016.
300 _a174გვ.;
_bილ.,
_c30 სმ.
300 _eბიბლიოგრ. გვ. 141-153
653 _aბათუმის ბოტანიკურ ბაღში მსოფლიო ფლორის IUCN "წითელი ნუსხით" დაცული სახეობების ბიოეკოლოგიური თავისებურებები და ex-siti კონსერვაცია
653 _aბიოლოგია, ეკოლოგია
653 _aდისერტაცია
700 _aმეტრეველი, მ.
_eსამეცნ. ხელმძღვანელი
_910672
710 _aბათუმის შოთა რუსთაველის სახ-ფო უნ-ტი;
_bსაბუნებისმეტყველო მეცნიერებათა და ჯანდაცვის ფაკ-ტი. ბიოლოგიის დეპ-ტი
_910821
942 _cBK
_2udc